000 00207nam a22000857a 4500
001 1235196
005 20250930111230.0
245 _aCESARET VE KORKU
_cBRIGITTE LABBE
260 _bGÜNIŞIĞI KİTAPLIĞI YAYINLARI
999 _c1235196
_d1235196